|
|
|
|
| LEADER |
00701cam a2200169 7i4500 |
| 001 |
0000135733 |
| 005 |
20080617090000.0 |
| 002 |
0000000797 |
| 090 |
0 |
0 |
|a LP 10 FST 1 2000
|
| 100 |
0 |
# |
|a Lai Gee Kean
|
| 235 |
0 |
0 |
|a Kesan tindakan Mahanimnine dan Girinimbine ke atas Acanthamoeba castellanii
|c Lai Gee Kean.
|
| 245 |
0 |
0 |
|a Laporan Projek FST (Ijazah Bacelor Sains (Kepujian) Biologi)2000.
|
| 260 |
# |
# |
|a Terengganu:
|b Universiti Putra Malaysia Terengganu,
|c 2000.
|
| 300 |
|
|
|a xviii, 68 p.:
|b ill.;
|c 30 cm..
|
| 502 |
# |
# |
|a Kajian kesan tindakan ekstrak tulen tumbuhan Murraya koenigii, mahanimbine dan Girinimbine...[et al.]
|
| 602 |
# |
# |
|a Laporan Projek FST 2000
|
| 999 |
|
|
|a 1100024419
|b Book
|c LAPORAN PROJEK
|e BILIK ARKIB
|